000 00436nab a2200145Ia 4500
003 ES-SlBCS
005 20210601124412.0
008 140529s1959 xxu||||| |||| 00| 0 eng d
041 _aeng
100 1 _aRosen, Stanley H.
_9141492
245 0 0 _aCuriosity, Anxiety, Wonder
_c Stanley H. Rosen
650 0 4 _aCuriosidad-Ansiedad
_9141498
773 0 _tGiornali di Metafisica
_gvol. 14, nº. 4, 1959, págs. 465-474
_w0017-0372
942 _cAR
999 _c514210
_d514210